Statistics for Albania - Switzerland UEFA Euro 2016

Click here to take the quiz!

General Stats

  • This quiz has been taken 35 times
  • The average score is 17 of 30

Answer Stats

Answer % Correct
Taulant Xhaka
100%
Granit Xhaka
100%
Xherdan Shaqiri
93%
Etrit Berisha
82%
Haris Seferovic
79%
Yann Sommer
79%
Lorik Cana
75%
Ricardo Rodriguez
71%
Valon Behrami
68%
Stephan Lichtsteiner
64%
Fabian Schär ¹
64%
Admir Mehmedi
64%
Johan Djourou
61%
Elseid Hysaj
61%
Armando Sadiku
57%
Breel Embolo
54%
Blerim Džemaili
50%
Shkëlzen Gashi
50%
Mërgim Mavraj
46%
Vladimir Petkovic
43%
Ermir Lenjani
43%
Ansi Agolli
43%
Gianni De Biasi
39%
Fabian Frei
39%
Burim Kukeli
36%
Amir Abrashi
36%
Odise Roshi
32%
Gelson Fernandes
29%
Ergys Kaçe
21%
Sokol Çikalleshi
18%

Score Distribution

Percentile by Number Answered

Percent of People with Each Score

Your Score History

You have not taken this quiz